000 01336cam a22003617a 4500
003 CHAP
005 20220329141843.0
008 980309d1997 mx a r 00110 spa d
010 _a74840
011 _a75812
035 _a85382
040 _cCHAP
090 _aTesis
100 0 0 _aMora Cardador, Lorenzo.
_978126
245 1 0 _aRespuesta de 5 variedades de crisantemo (Dendranthema grandiflora Tzevel) al manejo de fotoperíodo bajo cubierta plástica oscura en Nezahualcóyotl, Texcoco, Edo. Méx.
_c/por Lorenzo Mora Cardador
260 _aChapingo, Méx. :
_bEl autor,
_c1997.
300 _a52 h. :
_bilus.
502 _aTesis (Ing. Agr. Esp. en Fitotecnia) -- UACH. Departamento de Fitotecnia
590 _aALEPH
_b10
_c20130110
_lUCH01
_h1421
590 _aBATCH-UPD
_b10
_c20130110
_lUCH01
_h0606
590 _aBATCH-UPD
_b10
_c20130410
_lUCH01
_h0248
590 _aBATCH-UPD
_b10
_c20130914
_lUCH01
_h1058
590 _aCONVERSION
_b10
_c20130109
_lUCH01
_h1341
650 1 4 _aCrisantemo
_xVariedades.
_928968
650 1 4 _aFotoperíodo.
_942735
650 1 4 _aLuz
_xEfecto en plantas.
_969241
650 1 4 _aPlásticos en agricultura.
_989199
901 _aBK
905 _aGuadalupe Pinto C.
942 _cFOLL
949 _bBC
_cTES
_d33724000628947
_eTS2
_fc.2
_h31838
_i85382
_si
949 _bBC
_cTES
_d853821
_eTS1
_h31837
_i85382
_sb
999 _c74840
_d74840